[Event "Sabaneta op-B 1st"]
[Site "Sabaneta"]
[Date "2022.11.28"]
[Round "5"]
[White "Ramos Ariza, Juan Manuel"]
[Black "Hernandez, Stefano"]
[Result "1-0"]
[WhiteElo "1952"]
[BlackElo "1765"]
[PlyCount "43"]
[EventDate "2022.11.25"]
[EventType "swiss"]
[EventRounds "8"]
[EventCountry "COL"]
[SourceTitle "CBM 211 Extra"]
[Source "ChessBase"]
[SourceDate "2023.01.31"]
[SourceVersion "1"]
[SourceVersionDate "2023.01.31"]
[SourceQuality "1"]

1. e4 c5 2. Nf3 d6 3. d4 cxd4 4. Nxd4 Nf6 5. Nc3 a6 6. Bg5 Nbd7 7. Bc4 b5 8. Bb3 Bb7 9. Qe2 g6 10. 0-0-0 Bg7 11. f4 b4 12. Nd5 0-0 13. h4 Nc5 14. Bxf6 exf6 15. h5 Nxb3+ 16. Nxb3 Re8 17. hxg6 fxg6 18. Qc4 Bxd5 19. Rxd5 Kh8 20. f5 gxf5 21. exf5 Qb6 22. Rd4 1-0

[Event "Medellin Aristizabal Cup"]
[Site "Medellin"]
[Date "2022.07.10"]
[Round "5"]
[White "Paniagua, Fabio de Jesus"]
[Black "Ramos Ariza, Juan Manuel"]
[Result "0-1"]
[WhiteElo "1600"]
[BlackElo "1969"]
[PlyCount "72"]
[EventDate "2022.07.08"]
[EventType "swiss"]
[EventRounds "7"]
[EventCountry "COL"]
[SourceTitle "CBM 209 Extra"]
[Source "ChessBase"]
[SourceDate "2022.09.30"]
[SourceVersion "1"]
[SourceVersionDate "2022.09.30"]
[SourceQuality "1"]

1. e4 c5 2. Nf3 d6 3. Bc4 e6 4. Bb3 Nc6 5. c3 Nf6 6. Bc2 Qc7 7. 0-0 Be7 8. d4 0-0 9. Na3 a6 10. Bf4 e5 11. Bg3 b5 12. Rc1 Bg4 13. d5 Nb8 14. Re1 Nbd7 15. Bb1 Rfc8 16. Nc2 a5 17. Ne3 c4 18. Nxg4 Nxg4 19. Nh4 Bxh4 20. Qxg4 Bxg3 21. hxg3 Rab8 22. a3 Qa7 23. Re3 Nf6 24. Qf5 Qd7 25. Qxd7 Nxd7 26. f4 f6 27. Bc2 Nc5 28. Rf1 b4 29. fxe5 fxe5 30. axb4 axb4 31. Ra1 b3 32. Bd1 Ra8 33. Rxa8 Rxa8 34. Be2 Ra1+ 35. Kh2 Re1 36. g4 Na4 0-1

[Event "Medellin Aristizabal Cup"]
[Site "Medellin"]
[Date "2022.07.09"]
[Round "3"]
[White "Castaneda, Juan Esteban"]
[Black "Ramos Ariza, Juan Manuel"]
[Result "1-0"]
[WhiteElo "1782"]
[BlackElo "1969"]
[PlyCount "64"]
[EventDate "2022.07.08"]
[EventType "swiss"]
[EventRounds "7"]
[EventCountry "COL"]
[SourceTitle "CBM 209 Extra"]
[Source "ChessBase"]
[SourceDate "2022.09.30"]
[SourceVersion "1"]
[SourceVersionDate "2022.09.30"]
[SourceQuality "1"]

1. Nf3 d6 2. d4 Nf6 3. g3 g6 4. Bg2 Bg7 5. 0-0 0-0 6. Re1 Nbd7 7. e4 e5 8. c3 c6 9. Nbd2 Qc7 10. Qc2 b5 11. b3 a5 12. a4 Rd8 13. Bb2 Ba6 14. c4 b4 15. c5 Qa7 16. cxd6 Ng4 17. Bh3 Nxf2 18. Kxf2 exd4 19. Kg2 Nc5 20. e5 Nd3 21. Nc4 Bxc4 22. bxc4 Nxe1+ 23. Rxe1 c5 24. Qe4 Qb6 25. d7 Ra6 26. e6 fxe6 27. Ng5 Bf6 28. Nxe6 Rxd7 29. Nxc5 Qxc5 30. Qe8+ Kg7 31. Qxd7+ Kh6 32. Bc1+ Bg5 1-0

[Event "Medellin U2000 op"]
[Site "Medellin"]
[Date "2022.05.20"]
[Round "3"]
[White "Ramos Ariza, Juan Manuel"]
[Black "Ruiz Agudelo, Jeronimo"]
[Result "1/2-1/2"]
[WhiteElo "1977"]
[BlackElo "1795"]
[PlyCount "91"]
[EventDate "2022.05.18"]
[EventType "swiss"]
[EventRounds "7"]
[EventCountry "COL"]
[SourceTitle "CBM 208 Extra"]
[Source "ChessBase"]
[SourceDate "2022.07.31"]
[SourceVersion "1"]
[SourceVersionDate "2022.07.31"]
[SourceQuality "1"]

1. e4 c5 2. Nf3 e6 3. d4 cxd4 4. Nxd4 Nc6 5. g3 Nf6 6. Bg2 Bc5 7. Nb3 Bb6 8. 0-0 0-0 9. Nc3 a6 10. Bf4 Bc7 11. Re1 d6 12. Qe2 e5 13. Bg5 h6 14. Bxf6 Qxf6 15. Nd5 Qd8 16. Nxc7 Qxc7 17. Red1 Be6 18. Rd2 Rac8 19. c3 Rfd8 20. Rad1 b5 21. f4 Bc4 22. Qf2 b4 23. Nc1 a5 24. Bf1 Bxf1 25. Kxf1 bxc3 26. bxc3 Ne7 27. Ne2 a4 28. fxe5 dxe5 29. Rxd8+ Rxd8 30. Rxd8+ Qxd8 31. Qa7 Qd1+ 32. Kf2 Ng6 33. Qa8+ Kh7 34. Qd5 Qh1 35. h4 f5 36. Qd3 fxe4 37. Qb5 Qf3+ 38. Ke1 e3 39. Kd1 e4 40. Kc1 Qf1+ 41. Kb2 Ne5 42. Ka3 Nd3 43. g4 Qxe2 44. Qf5+ Kg8 45. Qe6+ Kf8 46. Qd6+ 1/2-1/2

[Event "Medellin U2000 op"]
[Site "Medellin"]
[Date "2022.05.18"]
[Round "1"]
[White "Ramos Ariza, Juan Manuel"]
[Black "Bermudez, Tomas Alejandro"]
[Result "1-0"]
[WhiteElo "1977"]
[BlackElo "1447"]
[PlyCount "59"]
[EventDate "2022.05.18"]
[EventType "swiss"]
[EventRounds "7"]
[EventCountry "COL"]
[SourceTitle "CBM 208 Extra"]
[Source "ChessBase"]
[SourceDate "2022.07.31"]
[SourceVersion "1"]
[SourceVersionDate "2022.07.31"]
[SourceQuality "1"]

1. e4 c5 2. Nf3 d6 3. d4 cxd4 4. Nxd4 Nf6 5. Nc3 g6 6. Be3 Bg7 7. f3 0-0 8. Qd2 Nc6 9. g4 Ne5 10. 0-0-0 h5 11. h3 d5 12. g5 Nfd7 13. Nxd5 Nb6 14. Nxb6 axb6 15. a3 Nc6 16. Nxc6 Qxd2+ 17. Rxd2 bxc6 18. Bxb6 Rb8 19. Bd4 e5 20. Bc5 Re8 21. Bc4 Be6 22. Bxe6 Rxe6 23. Rd6 Rbe8 24. Rhd1 f5 25. Rxe6 Rxe6 26. Rd6 Rxd6 27. Bxd6 Kf7 28. a4 Ke6 29. Bc5 Kd7 30. c4 1-0

[Event "Medellin Luces op"]
[Site "Medellin"]
[Date "2021.12.19"]
[Round "4"]
[White "Pedraza, Yonnattanth"]
[Black "Ramos Ariza, Juan Manuel"]
[Result "1-0"]
[WhiteElo "2116"]
[BlackElo "1967"]
[PlyCount "89"]
[EventDate "2021.12.17"]
[EventType "swiss"]
[EventRounds "7"]
[EventCountry "COL"]
[SourceTitle "CBM 206 Extra"]
[Source "ChessBase"]
[SourceDate "2022.03.31"]
[SourceVersion "1"]
[SourceVersionDate "2022.03.31"]
[SourceQuality "1"]

1. e4 c5 2. Nf3 d6 3. c3 Nf6 4. Be2 Nc6 5. d4 Bg4 6. 0-0 e5 7. d5 Ne7 8. h3 Bd7 9. Qc2 Ng6 10. c4 Be7 11. Nc3 h5 12. Ne1 h4 13. Nd3 Qc8 14. f4 exf4 15. Nxf4 Ne5 16. Nd3 Nxc4 17. b3 Ne5 18. Bf4 Qc7 19. Rad1 0-0-0 20. a4 a6 21. Nxe5 dxe5 22. Bg5 Qd6 23. Nb1 Kb8 24. Na3 Bc8 25. Nc4 Qc7 26. Nxe5 Nxd5 27. exd5 Bxg5 28. Nxf7 Be3+ 29. Kh1 Rhe8 30. d6 Qb6 31. Nxd8 Rxd8 32. Qe4 Bd4 33. Qxh4 Rxd6 34. Rf8 Rf6 35. Qh8 Rxf8 36. Qxf8 Qf6 37. Rf1 Qxf8 38. Rxf8 Kc7 39. Rf7+ Kd6 40. Bf3 b5 41. Rf8 Be6 42. Ra8 Bxb3 43. Rxa6+ Kd7 44. axb5 c4 45. Bd5 1-0

[Event "Medellin Luces op"]
[Site "Medellin"]
[Date "2021.12.19"]
[Round "5"]
[White "Ramos Ariza, Juan Manuel"]
[Black "Arboleda Taborda, Samuel"]
[Result "1-0"]
[WhiteElo "1967"]
[BlackElo "1203"]
[PlyCount "85"]
[EventDate "2021.12.17"]
[EventType "swiss"]
[EventRounds "7"]
[EventCountry "COL"]
[SourceTitle "CBM 206 Extra"]
[Source "ChessBase"]
[SourceDate "2022.03.31"]
[SourceVersion "1"]
[SourceVersionDate "2022.03.31"]
[SourceQuality "1"]

1. e4 c5 2. Nf3 Nc6 3. Bb5 g6 4. c3 Bg7 5. 0-0 e6 6. d4 cxd4 7. cxd4 a6 8. Bxc6 dxc6 9. Nc3 Nf6 10. Bg5 h6 11. Bh4 Qb6 12. Qd2 0-0 13. e5 Nd5 14. Ne4 Bd7 15. Nf6+ Bxf6 16. exf6 Kh7 17. Rfe1 c5 18. Ne5 Rad8 19. Nc4 Qb4 20. Qxb4 Nxb4 21. dxc5 Nc2 22. Bg3 Nxa1 23. Rxa1 Bb5 24. Nd6 Rd7 25. b4 Rfd8 26. h4 g5 27. h5 Be2 28. f3 b6 29. Kf2 bxc5 30. Kxe2 cxb4 31. Ne4 Rc8 32. Be1 Rc2+ 33. Bd2 a5 34. Ke3 Rd5 35. g4 Rb2 36. Rc1 Rxa2 37. Rc7 Ra3+ 38. Ke2 b3 39. Rxf7+ Kg8 40. Rb7 a4 41. f7+ Kg7 42. Bb4 Ra2+ 43. Ke3 1-0

[Event "Medellin Antioquia 2nd League"]
[Site "Medellin"]
[Date "2021.??.??"]
[Round "3"]
[White "Ramos Ariza, Juan Manuel"]
[Black "Care Garcia, Jose Joaquin"]
[Result "0-1"]
[WhiteElo "1985"]
[BlackElo "1796"]
[PlyCount "47"]
[EventDate "2021.08.31"]
[EventType "swiss"]
[EventRounds "7"]
[EventCountry "COL"]
[SourceTitle "CBM 204 Extra"]
[Source "ChessBase"]
[SourceDate "2021.11.30"]
[SourceVersion "1"]
[SourceVersionDate "2021.11.30"]
[SourceQuality "1"]

1. e4 e5 2. Nf3 Nf6 3. Nxe5 d6 4. Nf3 Nxe4 5. Nc3 Nxc3 6. dxc3 Be7 7. Be3 Nc6 8. Qd2 Be6 9. 0-0-0 Ne5 10. Nd4 Nc4 11. Bxc4 Bxc4 12. Nf5 Bf6 13. g4 Be6 14. g5 Bxf5 15. gxf6 Qxf6 16. Bd4 Qh4 17. Bxg7 Rg8 18. Bd4 Be6 19. Qe2 0-0-0 20. Bxa7 Qa4 21. Bd4 Qxa2 22. Kd2 Qd5 23. Qd3 Bf5 24. c4 0-1